00636nam a22001817a 4500003000200000005001700002008004100019050003000060100002600090245006700116260009000183300003000273504004100303650002100344650002100365650003700386650003100423020250129104206.0150928b xxu||||| |||| 00| 0 eng d aPGS RJ 399.C6b.P232 2015 aParis, Ethan David S. aBody mass index and lifestyle habits / cEthan David S. Paris. aLas Piñas City, Philippines :bSouthville International School and Colleges,c2015. a29 p. : bill. ;c28 cm.  aIncludes bibliographical references. aBody mass index. aHealth behavior. aObesityvPrevention and control. aLifestylevHealth aspects.